00882nam a2200265 a 4500001001000000003000500010005001700015008004100032010001100073011001100084020001800095040000900113082002200122100003900144245017800183260003700361300003200398650002900430650002400459650002600483650002400509650002200533700002300555700003800578000108447CHAP20220329144013.0140213s2012 mx a |r| |||||||spa d a104909 a105881 a9786071202802 cCHAP04a633.15709723bC3100aCarrera Valtierra, José Alfredo.10aCinco nuevas razas de maíz (Zea mays L. ssp mays) en el Occidente de México /cpor José Alfredo Carrera Valtierra, José Ron Parra y Moisés Martín Morales Rivera. aChapingo, Méx. :bUACH,c2012. a144 p. :bil., dendogramas.14aMaízxClasificación.14aMaízxGenética.14aMaízxMejoramiento.14aMaízxVariedades.14aMaízzMéxico.0 aRon Parra, José.1 aMorales Rivera, Moisés Martín